| 000 | 00597nam a2200193 i 4500 | ||
|---|---|---|---|
| 001 | 108148 | ||
| 003 | ES-MaACL | ||
| 005 | 20230906184604.0 | ||
| 007 | t| | ||
| 008 | 070124s1955 fr ||||1| fre d | ||
| 080 | _a811.161.1(075.4) | ||
| 100 | 1 |
_aPotapova, Nina. _993369 |
|
| 245 | 1 | 3 |
_aLe russe _b: manuel de la langue russe a l'usage des français / _cNina Potapova. |
| 260 |
_aParis : _bEditions Sociales, _c[1955] |
||
| 300 |
_a581 p. ; _c22 cm. |
||
| 500 | _aBiblioteca Jacinto Martínez Lacalle. | ||
| 650 | 1 | 4 |
_aLengua rusa- _vMétodos. _914320 |
| 852 |
_aES-MaACL _jE-11529 _bR.139604 |
||
| 999 |
_c108148 _d108148 |
||